ARD Märchenfilme - Statistiken

Allgemein
  • Dieses Quiz wurde 44 mal gespielt
  • Das Durchschnittsergebnis liegt bei 20 aus 34
Antwortstatistiken
Bildquiz Antwort % Korrekt
Rapunzel
98%
Frau Holle
95%
Schneewittchen und die sieben Zwerge
93%
Hänsel und Gretel
90%
Schneeweißchen und Rosenrot
90%
Der Froschkönig
88%
Rumpelstilzchen
83%
Die Prinzessin auf der Erbse
78%
Rotkäppchen
78%
Aschenputtel
75%
Die kleine Meerjungfrau
75%
Die Sterntaler
73%
Dornröschen
73%
Des Kaisers neue Kleider
70%
Hans im Glück
70%
Das tapfere Schneiderlein
68%
Die Gänsemagd
63%
Der Teufel mit den drei goldenen Haaren
60%
Zwerg Nase
58%
Brüderchen und Schwesterchen
55%
Die Bremer Stadtmusikanten
53%
König Drosselbart
53%
Das Mädchen mit den Schwefelhölzern
50%
Jorinde und Joringel
50%
Das blaue Licht
33%
Nussknacker und Mäusekönig
33%
Allerleirauh
30%
Der Geist im Glas
28%
Die kluge Bauerntochter
25%
Von einem der auszog, das Fürchten zu lernen
23%
Prinz Himmelblau und Fee Lupine
20%
Das Wasser des Lebens
10%
Der Meisterdieb
10%
Sechse kommen durch die ganze Welt
10%
Keine übereinstimmenden Quizze gefunden
Verteilung der Resultate
Anzahl Personen mit jedem Resultat
Perzentil nach korrekt beantworteten Fragen
Ihre Resultats-Entwicklung
Sie haben dieses Quiz noch nicht gespielt